[Event "GER-chT U20"]
[Site "Osnabrueck"]
[Date "2015.12.29"]
[Round "5.4"]
[White "Mikeler, Marcel"]
[Black "Paul, Fabian"]
[Result "1-0"]
[WhiteElo "1873"]
[BlackElo "1715"]
[PlyCount "87"]
[EventDate "2015.12.27"]
[EventType "team-swiss"]
[EventRounds "7"]
[EventCountry "GER"]
[SourceTitle "EXT 2017"]
[Source "ChessBase"]
[SourceDate "2016.10.25"]
[SourceVersion "1"]
[SourceVersionDate "2016.10.25"]
[SourceQuality "1"]
[WhiteTeam "Heilbronn"]
[BlackTeam "Spandau Zitadelle"]
[WhiteTeamCountry "GER"]
[BlackTeamCountry "GER"]

1. d4 Nf6 2. Nf3 g6 3. c4 d5 4. cxd5 Nxd5 5. Nc3 Nxc3 6. bxc3 Bg7 7. Qb3 0-0 8. Ba3 b6 9. e4 Bb7 10. Qc2 Nd7 11. Rd1 c6 12. Bc4 Re8 13. Qb3 e6 14. 0-0 Qc7 15. Rfe1 c5 16. e5 a6 17. Bd3 Bd5 18. Qb1 Qc6 19. Be4 Bxe4 20. Rxe4 c4 21. Nd2 b5 22. Re2 Nb6 23. Ne4 Nd5 24. Qc1 a5 25. Nd6 Red8 26. Bc5 Rdb8 27. a3 Rd8 28. Rb2 Rdb8 29. Qd2 Bxe5 30. Ne4 Bf4 31. Qc2 f5 32. Nd2 e5 33. g3 Bh6 34. Rdb1 e4 35. Nxc4 e3 36. f4 Re8 37. Ne5 Rxe5 38. fxe5 f4 39. Qe4 Rf8 40. Bxf8 Bxf8 41. Rxb5 Qxc3 42. Qxd5+ Kg7 43. Qd7+ Kh6 44. Qh3+ 1-0

[Event "GER-chT U20"]
[Site "Osnabrueck"]
[Date "2015.12.27"]
[Round "2.4"]
[White "Paul, Fabian"]
[Black "Werthmann, Nils"]
[Result "0-1"]
[WhiteElo "1715"]
[BlackElo "1919"]
[PlyCount "84"]
[EventDate "2015.12.27"]
[EventType "team-swiss"]
[EventRounds "7"]
[EventCountry "GER"]
[SourceTitle "EXT 2017"]
[Source "ChessBase"]
[SourceDate "2016.10.25"]
[SourceVersion "1"]
[SourceVersionDate "2016.10.25"]
[SourceQuality "1"]
[WhiteTeam "Spandau Zitadelle"]
[BlackTeam "Potsdam"]
[WhiteTeamCountry "GER"]
[BlackTeamCountry "GER"]

1. c4 Nf6 2. g3 e5 3. Bg2 Bc5 4. Nc3 d6 5. Nf3 Nc6 6. 0-0 Be6 7. d3 h6 8. a3 a5 9. Bd2 Qd7 10. Rc1 Bh3 11. Nd5 Nxd5 12. cxd5 Ne7 13. e4 0-0 14. Nxe5 dxe5 15. Rxc5 Bxg2 16. Kxg2 c6 17. Qc2 cxd5 18. Bxa5 Rfc8 19. Bb4 b6 20. Rxc8+ Rxc8 21. Qe2 Nc6 22. Bc3 d4 23. Bd2 Nd8 24. Rc1 Ne6 25. Rxc8+ Qxc8 26. Bb4 Ng5 27. h4 Qh3+ 28. Kg1 Ne6 29. Qf1 Qg4 30. Kh2 g5 31. f3 Qh5 32. Be7 gxh4 33. Bxh4 f5 34. Qh3 Qxf3 35. Qxf5 Qxf5 36. exf5 Nc5 37. Bf6 Nxd3 38. b4 Nf2 39. Kg2 Ng4 40. Bd8 b5 41. Kf3 d3 42. Bb6 e4+ 0-1

[Event "Berlin Spring op-B"]
[Site "Berlin"]
[Date "2014.05.02"]
[Round "4"]
[White "Paul, Fabian"]
[Black "Hartmann, Jakob"]
[Result "1-0"]
[WhiteElo "1618"]
[BlackElo "1757"]
[PlyCount "43"]
[EventDate "2014.05.01"]
[EventType "swiss"]
[EventRounds "7"]
[EventCountry "GER"]
[SourceTitle "CBM 160 Extra"]
[Source "ChessBase"]
[SourceDate "2014.07.01"]
[SourceVersion "1"]
[SourceVersionDate "2014.07.01"]
[SourceQuality "1"]

1. c4 e5 2. g3 Nf6 3. Bg2 Nc6 4. Nc3 Be7 5. Nf3 0-0 6. 0-0 d6 7. a3 Be6 8. d3 d5 9. Ng5 Bc5 10. Nxe6 fxe6 11. Bg5 Ne7 12. Na4 Qd6 13. Rc1 a5 14. cxd5 Ba7 15. dxe6 c6 16. Qb3 Ned5 17. Qxb7 Qxe6 18. Qxc6 Qf7 19. Bxf6 Nxf6 20. Qc7 Nd7 21. e3 Rfc8 22. Qd6 1-0

[Event "Potsdam Christmas 35th"]
[Site "Potsdam"]
[Date "2010.12.28"]
[Round "4.39"]
[White "Paul, Fabian"]
[Black "Bielick, Jakob"]
[Result "1/2-1/2"]
[WhiteElo "1245"]
[BlackElo "1700"]
[PlyCount "103"]
[EventDate "2010.12.27"]
[EventType "swiss"]
[EventRounds "7"]
[EventCountry "GER"]
[SourceTitle "EXT 2022"]
[Source "ChessBase"]
[SourceDate "2021.10.06"]
[SourceVersion "1"]
[SourceVersionDate "2021.10.06"]
[SourceQuality "1"]

1. c4 Nf6 2. d3 g6 3. Nf3 Bg7 4. g3 d5 5. Nc3 dxc4 6. Qa4+ Bd7 7. Qxc4 0-0 8. Bg2 Nc6 9. 0-0 Rb8 10. Bf4 a6 11. a4 Be6 12. Qc5 Nd5 13. Nxd5 Bxd5 14. Bxc7 Qxc7 15. Qxd5 Bxb2 16. Rab1 Bf6 17. Rfc1 Rfd8 18. Qc5 Qd7 19. Rc4 Rdc8 20. Qb6 e6 21. Nd2 Bd8 22. Bxc6 Rxc6 23. Qa7 Rxc4 24. Nxc4 Qc7 25. Na5 b6 26. Qxc7 Bxc7 27. Nc6 Re8 28. f4 Kf8 29. e4 Rc8 30. e5 Bd6 31. Na7 Bc5+ 32. Kg2 Rc7 33. Nb5 axb5 34. axb5 Rd7 35. Rb3 Rd4 36. Kf3 Ke7 37. h3 Rb4 38. Rxb4 Bxb4 39. Ke4 f6 40. g4 h6 41. h4 Be1 42. h5 g5 43. f5 fxe5 44. Kxe5 Bg3+ 45. Ke4 Kf6 46. fxe6 Kxe6 47. d4 Bf2 48. d5+ Kf6 49. d6 Bg3 50. d7 Bc7 51. Kd5 Bd8 52. Kd6 1/2-1/2